Ligue 1 - Un joueur de football par équipe - Statistiques

Statistiques générales
  • Ce quiz a été pris 872 fois
  • Le résultat moyen est 12 sur 18
Statistiques - réponses
Hint Réponse % Correct
Téji Savanier Montpellier HSC
86%
Georges Mikautadze Olympique Lyonnais
84%
Takumi Minamino AS Monaco
83%
Willian Pacho Paris Saint-Germain
79%
Angel Gomes Lille OSC
77%
Elye Wahi Olympique de Marseille
74%
Brice Samba RC Lens
74%
Jonathan Clauss OGC Nice
73%
Zuriko Davitashvili AS Saint-Etienne
65%
Amine Gouiri Stade Rennais
63%
Guéla Doué RC Strasbourg
60%
Teddy Teuma Stade de Reims
60%
Donovan Léon AJ Auxerre
59%
Zakaria Aboukhlal Toulouse Football Club
59%
Loïs Diony Angers SCO
58%
Matthis Abline FC Nantes
58%
Gautier Lloris Le Havre AC
56%
Mahdi Camara Stade Brestois 29
54%
Aucun quiz correspondant
Distribution des résultats
% des personnes avec chaque résultat
Percentile par nombre de réponses
Votre historique - résultats
Vous n’avez pas pris ce quiz